| 000 | 00490nam a2200181 a 4500 | ||
|---|---|---|---|
| 005 | 20240913063903.0 | ||
| 008 | 991125s1973 es 000 0 spa u | ||
| 020 | _a8434573733 | ||
| 035 | _aUPN01000023853 | ||
| 049 | _aCE | ||
| 050 | 4 |
_aAC70 _bS2.4 no.15 |
|
| 245 | 0 | 3 | _aLa explosión demográfica. |
| 260 |
_aBarcelona, Esp. : _bSalvat, _c1973. |
||
| 300 |
_a141 p. : _bil. col. |
||
| 440 | 0 |
_aBiblioteca Salvat de grandes temas ; _v15 |
|
| 650 | 2 |
_aDemografía _912536 |
|
| 905 | _aLibro | ||
| 999 |
_c23853 _d23853 |
||